000 00287nam a22001337a 4500
020 _a978-81-226-1337-7
082 _a894.812
_bCHE/B
100 _aCHERUKADU
245 _aBALASAHITHYAM
260 _aTHRISSUR
_bCURRENT BOOKS
_c2018
300 _a135
520 _aSHORT STORY
942 _cBK
999 _c7131
_d7131